000 00862nam a2200241Ia 4500
003 OSt
005 20220923224314.0
006 a|||||r|||| 00| 0
007 ta
008 220922b |||||||| |||| 00| 0 hin d
024 _a230,862
037 _cTextual
040 _aARTS
_cARTS
_bhin
041 _2hin
_ahin
082 _aO152,1N19x, N9
100 _aजैन, नेमि चन्द्र
245 0 _aअचानक हम फिर
_b 'एकान्त' और उसके बाद की कविताएॅं
246 _aAchānak ham fira: 'ekānta' aur usake bād kī kavitāeॅan
260 _aदिल्ली
_b भारतीय ज्ञानपीठ
_c1999
300 _a188पृ.
_ccm.
942 _hO152,1N19x, N9
_cTEXL
_2CC
999 _c370526
_d370526